Normal view
MARC view
- Musale M S (2K4216)
Entry Personal Name
001 - CONTROL NUMBER
- control field: 118956
003 - CONTROL NUMBER IDENTIFIER
- control field: OSt
005 - DATE AND TIME OF LATEST TRANSACTION
- control field: 20230128171338.0
008 - FIXED-LENGTH DATA ELEMENTS
- fixed length control field: 230128|| aca||aabn | a|a d
040 ## - CATALOGING SOURCE
- Original cataloging agency: OSt
- Transcribing agency: OSt
100 ## - HEADING--PERSONAL NAME
- Personal name: Musale M S (2K4216)
670 ## - SOURCE DATA FOUND
- Source citation: Work cat.: (OSt)97254: Musale M S (2K4216), Online Software Call Maintenance System, 2006